000 00438nam a2200181 a 4500
001 5183
003 CO-ViMGA
008 141112s2004 ck r 000 u spa d
040 _aCO-ViMGA
_bspa
_cCO-ViMGA
082 0 4 _a781.3 Z151
100 1 _aZamacois, Joaquín
_93486
245 1 0 _aTratado de armonía
250 _a10a
260 _aBarcelona :
_bLabor,
_c1981
300 _a3 v
650 1 4 _aARMONIA - MUSICA
_955373
942 _2ddc
_cBK
999 _c17184
_d17184